Návrh lineárneho aktuátora poháňaného krokovým motorom
Saved in:
| Main Author: | |
|---|---|
| Other Authors: | |
| Format: | Manuscript Book |
| Language: | Slovak |
| Published: |
Bratislava :
STU v Bratislave FEI,
2023
|
| Subjects: | |
| Online Access: | https://opac.crzp.sk/?fn=detailBiblioFormChildSQDST&sid=C03CB0FBA6588971DF3920D1B6BF&seo=CRZP-detail-kniha |
| Tags: |
No Tags, Be the first to tag this record!
|
MARC
| LEADER | 00000ntm a22000003a 4500 | ||
|---|---|---|---|
| 001 | stuzp93013 | ||
| 003 | SK-STU | ||
| 005 | 20241204154659.8 | ||
| 007 | ta | ||
| 008 | 150427s2015----xo-----f-mn---000-0-slo-d | ||
| 040 | |a STU |b slo | ||
| 041 | 0 | |a slo | |
| 044 | |a xo | ||
| 100 | 1 | |a Grešo, Marek |u 030400 |4 aut |U FEI Fakulta elektrotechniky a informatiky |T FEI Ústav automobilovej mechatroniky |X 86312 |U E400 |Y 642 |7 86312 | |
| 242 | 0 | 1 | |a Design of a linear actuator driven by a stepper motor |y eng |
| 245 | 1 | 0 | |a Návrh lineárneho aktuátora poháňaného krokovým motorom |
| 260 | |a Bratislava : |b STU v Bratislave FEI, |c 2023 | ||
| 300 | |a 62 s. | ||
| 650 | 4 | |a lineárny pohon |2 slo | |
| 650 | 4 | |a riadenie aktuátora |2 slo | |
| 650 | 4 | |a krokový motor |2 slo | |
| 650 | 4 | |a lineárny aktuátor |2 slo | |
| 650 | 4 | |a linear actuator |2 eng | |
| 650 | 4 | |a actuator control |2 eng | |
| 650 | 4 | |a stepper motor |2 eng | |
| 700 | 1 | |a Goga, Vladimír |u 030400 |k Z1 |4 ths |U FEI Fakulta elektrotechniky a informatiky |T FEI Ústav automobilovej mechatroniky |X 10291 |U E400 |Y 642 |7 A000010291 | |
| 856 | 4 | |u https://opac.crzp.sk/?fn=detailBiblioFormChildSQDST&sid=C03CB0FBA6588971DF3920D1B6BF&seo=CRZP-detail-kniha | |